| 000 | 00540nam a2200217Ia 4500 | ||
|---|---|---|---|
| 003 | OSt | ||
| 005 | 20230309145109.0 | ||
| 008 | 210210b1982 xxu||||| |||| 00| 0 eng d | ||
| 040 | _cAL | ||
| 041 | _aEnglish | ||
| 082 | _a361.954 MADI | ||
| 100 |
_aMADAN, G.R. _974831 |
||
| 245 |
_aIndian social problems _bV.1 social disorganization |
||
| 250 | _a3 | ||
| 260 |
_aND _bAllied Publishers _c1982 |
||
| 300 | _axxii,515 | ||
| 650 |
_aCrimeVices _974832 |
||
| 690 |
_aIndian Social Problems _974833 |
||
| 906 | _a037984 | ||
| 942 |
_2ddc _cBK |
||
| 999 |
_c88099 _d88099 |
||